<?xml version="1.0" encoding="UTF-8"?>
<record
    xmlns:xsi="http://www.w3.org/2001/XMLSchema-instance"
    xsi:schemaLocation="http://www.loc.gov/MARC21/slim http://www.loc.gov/standards/marcxml/schema/MARC21slim.xsd"
    xmlns="http://www.loc.gov/MARC21/slim">

  <leader>02610nam a22004578i 4500</leader>
  <controlfield tag="001">BRILL9789004689190</controlfield>
  <controlfield tag="003">CUTN</controlfield>
  <controlfield tag="005">20260415154735.0</controlfield>
  <controlfield tag="006">m        d        </controlfield>
  <controlfield tag="007">cr un    uuuua</controlfield>
  <controlfield tag="008">240416s2024    gw      sb    001 0 eng d</controlfield>
  <datafield tag="010" ind1=" " ind2=" ">
    <subfield code="a">  2024007253</subfield>
  </datafield>
  <datafield tag="020" ind1=" " ind2=" ">
    <subfield code="a">9789004689190</subfield>
    <subfield code="q">(electronic book)</subfield>
  </datafield>
  <datafield tag="020" ind1=" " ind2=" ">
    <subfield code="z">9789004689183</subfield>
    <subfield code="q">(print)</subfield>
  </datafield>
  <datafield tag="024" ind1="7" ind2=" ">
    <subfield code="a">10.1163/9789004689190</subfield>
    <subfield code="2">DOI</subfield>
  </datafield>
  <datafield tag="035" ind1=" " ind2=" ">
    <subfield code="z">(OCoLC)1417658256</subfield>
  </datafield>
  <datafield tag="040" ind1=" " ind2=" ">
    <subfield code="a">NL-LeKB</subfield>
    <subfield code="c">NL-LeKB</subfield>
    <subfield code="e">rda</subfield>
  </datafield>
  <datafield tag="041" ind1=" " ind2=" ">
    <subfield code="a">eng</subfield>
  </datafield>
  <datafield tag="050" ind1=" " ind2="4">
    <subfield code="a">D116</subfield>
  </datafield>
  <datafield tag="072" ind1=" " ind2="7">
    <subfield code="a">HBLC1</subfield>
    <subfield code="2">bicssc</subfield>
  </datafield>
  <datafield tag="072" ind1=" " ind2="7">
    <subfield code="a">HIS</subfield>
    <subfield code="x">037010</subfield>
    <subfield code="2">bisacsh</subfield>
  </datafield>
  <datafield tag="082" ind1="0" ind2="4">
    <subfield code="a">940.1072</subfield>
    <subfield code="2">23</subfield>
  </datafield>
  <datafield tag="245" ind1="1" ind2="0">
    <subfield code="a">Marxism and Medieval Studies :</subfield>
    <subfield code="b">Marxist Historiography in East Central Europe /</subfield>
    <subfield code="c">edited by Martin Nodl, Piotr W&#x119;cowski, Du&#x161;an Zupka.</subfield>
  </datafield>
  <datafield tag="246" ind1="3" ind2=" ">
    <subfield code="a">Marxist Historiography in East Central Europe</subfield>
  </datafield>
  <datafield tag="300" ind1=" " ind2=" ">
    <subfield code="a">1 online resource (406 pages) :</subfield>
    <subfield code="b">illustrations.</subfield>
  </datafield>
  <datafield tag="490" ind1="1" ind2=" ">
    <subfield code="a">East Central and Eastern Europe in the Middle Ages, 450-1450 ;</subfield>
    <subfield code="v">93</subfield>
  </datafield>
  <datafield tag="490" ind1="1" ind2=" ">
    <subfield code="a">Late Antiquity and Medieval Studies E-Books Online, Collection 2024</subfield>
  </datafield>
  <datafield tag="504" ind1=" " ind2=" ">
    <subfield code="a">Includes bibliographical references and index.</subfield>
  </datafield>
  <datafield tag="520" ind1=" " ind2=" ">
    <subfield code="a">This volume is a unique publication as it examines the Marxist attitudes in East Central European historiography and archaeology for the first time, with an emphasis on the co-existence of Marxist and other methodologies between the 1950s and 1970s in the local historiographies in question. Its approach is to distinguish between pseudo-Marxism as an ideological tool on the one hand, and Marxism in the form of historical materialism as a way to interpret the medieval world on the other. Contributors are: Florin Curta, Piotr Guzowski, Adam Hudek, Tereza Johanidesov&#xE1;, Jitka Komendov&#xE1;, Ji&#x159;&#xED; Mach&#xE1;&#x10D;ek, Andrzej Marzec, Martin Nodl, Attila P&#xF3;k, David Radek, Tadeusz Pawe&#x142; Rutkowski, Iurie Stamati, Rafa&#x142; Stobiecki, G&#xE1;bor Thoroczkay, Przemys&#x142;aw Wiszewski, Piotr W&#x119;cowski, Martin Wihoda, and Du&#x161;an Zupka.</subfield>
  </datafield>
  <datafield tag="546" ind1=" " ind2=" ">
    <subfield code="a">English</subfield>
  </datafield>
  <datafield tag="650" ind1=" " ind2="0">
    <subfield code="a">Marxian historiography.</subfield>
  </datafield>
  <datafield tag="650" ind1=" " ind2="0">
    <subfield code="a">Middle Ages</subfield>
    <subfield code="x">Historiography.</subfield>
  </datafield>
  <datafield tag="700" ind1="1" ind2=" ">
    <subfield code="a">Nodl, Martin,</subfield>
    <subfield code="e">editor.</subfield>
  </datafield>
  <datafield tag="700" ind1="1" ind2=" ">
    <subfield code="a">W&#x119;cowski, Piotr,</subfield>
    <subfield code="e">editor.</subfield>
  </datafield>
  <datafield tag="700" ind1="1" ind2=" ">
    <subfield code="a">Zupka, Du&#x161;an,</subfield>
    <subfield code="e">editor.</subfield>
  </datafield>
  <datafield tag="776" ind1="0" ind2="8">
    <subfield code="i">Print version:</subfield>
    <subfield code="t">Marxism and Medieval Studies : Marxist Historiography in East Central Europe.</subfield>
    <subfield code="d">Leiden ; Boston : Brill, 2024.</subfield>
    <subfield code="z">9789004689183w(DLC)  2024007252</subfield>
  </datafield>
  <datafield tag="830" ind1=" " ind2="0">
    <subfield code="a">East Central and Eastern Europe in the Middle Ages, 450-1450 ;</subfield>
    <subfield code="v">93.</subfield>
  </datafield>
  <datafield tag="830" ind1=" " ind2="0">
    <subfield code="a">Late Antiquity and Medieval Studies E-Books Online, Collection 2024.</subfield>
  </datafield>
  <datafield tag="856" ind1="4" ind2=" ">
    <subfield code="u">http://dx.doi.org/10.1163/9789004689190</subfield>
  </datafield>
  <datafield tag="942" ind1=" " ind2=" ">
    <subfield code="2">ddc</subfield>
    <subfield code="c">E-BOOK</subfield>
  </datafield>
  <datafield tag="999" ind1=" " ind2=" ">
    <subfield code="c">49404</subfield>
    <subfield code="d">49404</subfield>
  </datafield>
  <datafield tag="952" ind1=" " ind2=" ">
    <subfield code="r">2026-04-15 11:21:00</subfield>
    <subfield code="l">0</subfield>
    <subfield code="o">940.1072</subfield>
    <subfield code="p">EB04542</subfield>
    <subfield code="u">https://doi.org/10.1163/9789004689190</subfield>
    <subfield code="w">2026-04-15</subfield>
    <subfield code="y">E-BOOK</subfield>
    <subfield code="1">0</subfield>
    <subfield code="2">ddc</subfield>
    <subfield code="4">0</subfield>
    <subfield code="7">0</subfield>
    <subfield code="0">0</subfield>
    <subfield code="a">CUTN</subfield>
    <subfield code="b">CUTN</subfield>
    <subfield code="d">2026-04-15</subfield>
  </datafield>
</record>
